Union caribéenne de football - Membres - Statistiques

Statistiques générales
  • Ce quiz a été pris 7 fois
  • Le résultat moyen est 24 sur 31
Statistiques - réponses
Nation indépendante Affiliation FIFA Membres % Correct
Oui Oui Antigua-et-Barbuda
100%
Oui Oui Bahamas
100%
Oui Oui Cuba
100%
Oui Oui Dominique
100%
Oui Oui Guyana
100%
France Non Guyane
100%
Oui Oui Jamaïque
100%
Oui Oui République Dominicaine
100%
Oui Oui Sainte-Lucie
100%
Oui Oui Saint-Vincent-et-les-Grenadines
100%
Oui Oui Barbade
86%
Oui Oui Grenade
86%
France Non Guadeloupe
86%
Oui Oui Haïti
86%
France Non Martinique
86%
Oui Oui Saint-Christophe-et-Niévès
86%
Oui Oui Suriname
86%
Oui Oui Trinité-et-Tobago
86%
France Non Saint-Martin
71%
Pays-Bas Non Sint Maarten
71%
Pays-Bas Oui Aruba
57%
Pays-Bas Oui Curaçao
57%
Royaume-Uni Oui Îles Vierges britanniques
57%
Royaume-Uni Oui Montserrat
57%
États-Unis Oui Porto Rico
57%
Royaume-Uni Oui Anguilla
43%
Royaume-Uni Oui Bermudes
43%
Pays-Bas Non Bonaire
43%
Royaume-Uni Oui Îles Caïmans
43%
Royaume-Uni Oui Îles Turques-et-Caïques
43%
États-Unis Oui Îles Vierges des États-Unis
43%
Aucun quiz correspondant
Distribution des résultats
% des personnes avec chaque résultat
Percentile par nombre de réponses
Votre historique - résultats
Vous n’avez pas pris ce quiz